[Event "Leipzig VfB op 19th"]
[Site "Leipzig"]
[Date "2012.03.08"]
[Round "4"]
[White "Schmidt, Simon"]
[Black "Koch, Markus"]
[Result "0-1"]
[WhiteElo "1410"]
[BlackElo "2079"]
[PlyCount "56"]
[EventDate "2012.03.06"]
[EventType "swiss"]
[EventRounds "9"]
[EventCountry "GER"]
[SourceTitle "CBM 147 Extra"]
[Source "ChessBase"]
[SourceDate "2012.04.24"]
[SourceVersion "1"]
[SourceVersionDate "2012.04.24"]
[SourceQuality "1"]

1. e4 c5 2. c3 d5 3. e5 Nc6 4. d4 Bf5 5. Nf3 e6 6. a3 Rc8 7. Bd3 Bxd3 8. Qxd3 cxd4 9. cxd4 Nxd4 10. 0-0 Nxf3+ 11. Qxf3 Ne7 12. Nc3 Ng6 13. Qe2 Bc5 14. Kh1 0-0 15. f4 f6 16. Bd2 fxe5 17. fxe5 Qc7 18. Rfe1 Rf2 19. Qg4 Rxd2 20. Qxe6+ Kh8 21. Nxd5 Qc6 22. Qxc6 bxc6 23. Nc3 Be7 24. b4 h5 25. Re4 Rcd8 26. Rae1 h4 27. Rc4 Rc2 28. Rxc6 Nxe5 0-1

[Event "Leipzig VfB op 19th"]
[Site "Leipzig"]
[Date "2012.03.07"]
[Round "2"]
[White "Schmidt, Simon"]
[Black "Schoenrock, Ruediger"]
[Result "0-1"]
[WhiteElo "1410"]
[BlackElo "2063"]
[PlyCount "78"]
[EventDate "2012.03.06"]
[EventType "swiss"]
[EventRounds "9"]
[EventCountry "GER"]
[SourceTitle "CBM 147 Extra"]
[Source "ChessBase"]
[SourceDate "2012.04.24"]
[SourceVersion "1"]
[SourceVersionDate "2012.04.24"]
[SourceQuality "1"]

1. e4 e5 2. d4 exd4 3. Nf3 Nf6 4. e5 Ne4 5. Qxd4 d5 6. exd6 Nxd6 7. Bd3 Qe7+ 8. Be3 Bf5 9. Bxf5 Nxf5 10. Qa4+ Nc6 11. 0-0 Qb4 12. Nc3 Qxa4 13. Nxa4 Nxe3 14. Rfe1 0-0-0 15. Rxe3 Be7 16. a3 Bf6 17. Rae1 Nd4 18. Nxd4 Rxd4 19. Nc5 Rd2 20. Ne4 Rxc2 21. Nxf6 gxf6 22. R3e2 Rxe2 23. Rxe2 Rd8 24. g3 Rd1+ 25. Kg2 Kd7 26. Kf3 c5 27. Ke3 b5 28. Rd2+ Rxd2 29. Kxd2 Kd6 30. b3 Kd5 31. Kd3 h5 32. f3 f5 33. h4 a5 34. Kc3 c4 35. bxc4+ bxc4 36. Kd2 Kd4 37. g4 fxg4 38. fxg4 hxg4 39. h5 Ke5 0-1